The evolution of international business : an introduction /

Multinationals: theories and concepts. The evolution of international business. Multinationals and natural resources. Multinational manufacturing. Multinationals and services. The competitiveness of firms and nations...

Gardado en:
Detalles Bibliográficos
Autor Principal: Jones, Geoffrey.
Formato: Libro
Idioma:English
Publicado: New York : Routledge, 1996.
Những chủ đề:
Các nhãn: Engadir etiqueta
Sen Etiquetas, Sexa o primeiro en etiquetar este rexistro!
Thư viện lưu trữ: Mạng thư viện Đại học Đà Nẵng
LEADER 01291cam a2200385 i 4500
001 000048662
003 8384
005 20030311110710.0
008 010316|1996 vm 000 eng
020 |a 0415093716 
040 |a IRC  |c IRC  |d IRC 
041 0 |a eng 
082 1 4 |a 338.8809  |b JO-G 
100 1 |a Jones, Geoffrey. 
245 0 4 |a The evolution of international business :  |b an introduction /  |c Geoffrey Jones. 
260 |a New York :  |b Routledge,  |c 1996. 
300 |a xii, 360 p. :  |b ill. ;  |c 23.5cm. 
520 3 |a Multinationals: theories and concepts. The evolution of international business. Multinationals and natural resources. Multinational manufacturing. Multinationals and services. The competitiveness of firms and nations... 
630 0 4 |a Economics. 
630 0 4 |a International trade. 
630 0 4 |a International business enterprises. 
650 0 4 |a International business enterprises  |x History. 
650 0 4 |a International trade  |x History. 
650 0 4 |a Cartels  |x History. 
650 0 4 |a Competition, International  |x History. 
OWN |a DUT 
999 |a From the UDN01 
TYP |a Monograph 
TYP |a Printed language 
980 |a Mạng thư viện Đại học Đà Nẵng